Hustota a viskozita PCM

Saved in:
Bibliographic Details
Main Author: Chudá, Jana (Author)
Other Authors: Jurišová, Jana (Thesis advisor)
Format: Manuscript Book
Language:Slovak
Published: 2024
Subjects:
Online Access:http://is.stuba.sk/zp/portal_zp.pl?podrobnosti=162358
Tags: Add Tag
No Tags, Be the first to tag this record!

MARC

LEADER 00000ntm a22000003a 4500
001 stuzp99328
003 SK-STU
005 20240622210843.5
007 ta
008 150427s2015----xo-----f-mn---000-0-slo-d
040 |a STU  |b slo 
041 0 |a slo 
100 1 |a Chudá, Jana  |u 042120  |4 aut  |U FCHPT Ústav anorganickej chémie, technológie a materiálov  |T FCHPT Oddelenie anorganickej technológie  |X 110527  |U C2120  |Y 111  |7 110527 
242 0 1 |a PCM density and viscosity  |y eng 
245 1 0 |a Hustota a viskozita PCM 
260 |c 2024 
650 4 |a PCM  |2 slo 
650 4 |a hustota  |2 slo 
650 4 |a viskozita  |2 slo 
650 4 |a viscosity  |2 eng 
650 4 |a PCM  |2 eng 
650 4 |a density  |2 eng 
700 1 |a Jurišová, Jana  |u 042120  |k Z2  |4 ths  |U FCHPT Ústav anorganickej chémie, technológie a materiálov  |T FCHPT Oddelenie anorganickej technológie  |X 38277  |U C2120  |Y 111  |7 A000038277 
856 4 |u http://is.stuba.sk/zp/portal_zp.pl?podrobnosti=162358